Estações de Metrô do Rio de Janeiro - Statistics

Estatísticas Gerais
  • Esse quiz foi jogado 1 950 vezes
    1 828 desde o último reset
  • A pontuação média é 26 de 41
Estatísticas das Respostas
Estação % Correto
Botafogo/Coca-Cola
94%
Flamengo
89%
Uruguai
86%
Maracanã
84%
Pavuna
83%
Central
82%
Catete
79%
Glória
79%
Jardim Oceânico
79%
Uruguaiana - Engenheiro Fernando MacDowell
76%
Cinelândia
75%
Carioca
74%
General Osório
72%
Largo do Machado
72%
São Cristóvão
72%
Cantagalo
68%
Cardeal Arcoverde
68%
Jardim de Alah
66%
São Conrado
66%
Estácio
65%
Presidente Vargas
64%
Saens Peña
64%
Cidade Nova
63%
Nova América - Del Castilho
63%
Siqueira Campos
62%
Nossa Senhora da Paz
59%
São Francisco Xavier
57%
Irajá
55%
Triagem
55%
Antero de Quental
54%
Maria da Graça
54%
Afonso Pena
53%
Coelho Neto
52%
Praça Onze
52%
Colégio
51%
Acari - Fazenda Botafogo
50%
Inhaúma
46%
Vicente de Carvalho
46%
Engenho da Rainha
42%
Engenheiro Rubens Paiva
39%
Thomaz Coelho
36%
Nenhum quiz correspondente encontrado
Distribuição das Pontuações
Porcentagem de Pessoas com Cada Pontuação
Percentil de Números Respondidos
Sua Pontuação Histórica
Você não jogou esse quiz desde o último reset